[Event "45th FIDE Chess Olympiad Open"]
[Site "Budapest, Hungary"]
[Date "2024.09.22"]
[Round "11"]
[White "Napoleao, Lourenco"]
[Black "Moayad, Anas"]
[Result "1-0"]
[Board "227"]
[WhiteFideId "14801302"]
[BlackFideId "9011900"]
[WhiteElo "1913"]
[BlackElo "2016"]
[WhiteTeam "Mozambique"]
[BlackTeam "Morocco"]
[WhiteClock "0:26:25"]
[BlackClock "0:03:35"]
[Variant "Standard"]

1. d4 {[%clk 1:30:57]}  Nf6 {[%clk 1:30:54]} 2. Nf3 {[%clk 1:30:25]}  e6 {[%clk 1:30:56]} 3. Bf4 {[%clk 1:29:57]}  b6 {[%clk 1:30:44]} 4. e3 {[%clk 1:30:03]}  Bb7 {[%clk 1:30:37]} 5. Nbd2 {[%clk 1:30:26]}  Be7 {[%clk 1:27:31]} 6. h3 {[%clk 1:28:18]}  c5 {[%clk 1:17:22]} 7. Nc4 {[%clk 1:23:50]}  d5 {[%clk 1:16:45]} 8. Nce5 {[%clk 1:24:12]}  O-O {[%clk 1:16:34]} 9. c3 {[%clk 1:24:10]}  Ne4 {[%clk 1:14:17]} 10. Nd2 {[%clk 1:20:58]}  f6 {[%clk 1:09:22]} 11. Nef3 {[%clk 1:21:17]}  Nxd2 {[%clk 1:05:16]} 12. Qxd2 {[%clk 1:21:26]}  Bd6 {[%clk 1:03:23]} 13. Bb5 {[%clk 1:13:17]}  Nc6 {[%clk 0:53:19]} 14. O-O {[%clk 1:12:37]}  Qc7 {[%clk 0:51:56]} 15. dxc5 {[%clk 1:03:47]}  bxc5 {[%clk 0:50:02]} 16. Bxd6 {[%clk 1:03:26]}  Qxd6 {[%clk 0:50:30]} 17. e4 {[%clk 0:59:59]}  Ne5 {[%clk 0:43:24]} 18. Nxe5 {[%clk 0:53:20]}  fxe5 {[%clk 0:42:51]} 19. a4 {[%clk 0:35:10]}  Rad8 {[%clk 0:40:29]} 20. Rad1 {[%clk 0:32:11]}  Rf4 {[%clk 0:28:37]} 21. Rfe1 {[%clk 0:30:38]}  Rdf8 {[%clk 0:26:20]} 22. f3 {[%clk 0:26:10]}  c4 {[%clk 0:23:26]} 23. Qf2 {[%clk 0:20:24]}  Qc7 {[%clk 0:15:31]} 24. Qxa7 {[%clk 0:19:54]}  Qf7 {[%clk 0:13:14]} 25. exd5 {[%clk 0:06:35]}  exd5 {[%clk 0:08:58]} 26. Qe3 {[%clk 0:06:14]}  e4 {[%clk 0:07:50]} 27. fxe4 {[%clk 0:06:00]}  Rxe4 {[%clk 0:07:46]} 28. Qg3 {[%clk 0:05:40]}  Rf4 {[%clk 0:06:07]} 29. Rd2 {[%clk 0:02:25]}  Rf6 {[%clk 0:03:33]} 30. Ree2 {[%clk 0:02:21]}  Rg6 {[%clk 0:03:24]} 31. Qe5 {[%clk 0:01:42]}  h6 {[%clk 0:01:31]} 32. Kh2 {[%clk 0:01:37]}  Kh8 {[%clk 0:01:22]} 33. Be8 {[%clk 0:01:33]}  Re6 {[%clk 0:00:54]} 34. Bxf7 {[%clk 0:01:06]}  Rxe5 {[%clk 0:01:24]} 35. Rxe5 {[%clk 0:01:35]}  Rxf7 {[%clk 0:01:52]} 36. Rde2 {[%clk 0:01:39]}  Bc6 {[%clk 0:01:53]} 37. Re7 {[%clk 0:01:56]}  Rf1 {[%clk 0:02:02]} 38. a5 {[%clk 0:02:14]}  Ra1 {[%clk 0:02:17]} 39. Rc7 {[%clk 0:02:11]}  Bb5 {[%clk 0:02:17]} 40. Rc5 {[%clk 0:02:12]}  Ba4 {[%clk 0:01:14]} 41. Rxd5 {[%clk 0:02:00]}  Bb3 {[%clk 0:27:47]} 42. Kg3 {[%clk 0:31:12]}  Kg8 {[%clk 0:26:25]} 43. Kf4 {[%clk 0:31:02]}  Kf7 {[%clk 0:24:13]} 44. Ke5 {[%clk 0:30:10]}  Ke7 {[%clk 0:23:37]} 45. Kd4+ {[%clk 0:30:27]}  Kf7 {[%clk 0:23:51]} 46. Rb5 {[%clk 0:29:45]}  g5 {[%clk 0:23:50]} 47. Kc5 {[%clk 0:29:49]}  Kf6 {[%clk 0:20:15]} 48. Kb6 {[%clk 0:29:24]}  h5 {[%clk 0:10:21]} 49. a6 {[%clk 0:28:29]}  Rd1 {[%clk 0:03:26]} 50. a7 {[%clk 0:26:52]}  Rd8 {[%clk 0:03:35]} 51. Kc7 {[%clk 0:26:25]} 1-0

[Event "45th FIDE Chess Olympiad Open"]
[Site "Budapest, Hungary"]
[Date "2024.09.22"]
[Round "11"]
[White "NAIT ELASRI BRAHIM"]
[Black "Joao Farisse"]
[Result "1/2-1/2"]
[Board "228"]
[WhiteFideId "9017518"]
[BlackFideId "14800730"]
[WhiteElo "1994"]
[BlackElo "1851"]
[WhiteTeam "Morocco"]
[BlackTeam "Mozambique"]
[WhiteClock "0:04:26"]
[BlackClock "0:02:37"]
[Variant "Standard"]

1. e4 {[%clk 1:30:36]}  e5 {[%clk 1:30:55]} 2. Nf3 {[%clk 1:31:04]}  Nc6 {[%clk 1:31:06]} 3. Bb5 {[%clk 1:31:32]}  a6 {[%clk 1:31:22]} 4. Ba4 {[%clk 1:31:57]}  Nf6 {[%clk 1:31:45]} 5. O-O {[%clk 1:32:17]}  d6 {[%clk 1:31:53]} 6. Re1 {[%clk 1:32:33]}  Bd7 {[%clk 1:32:03]} 7. c3 {[%clk 1:32:40]}  g6 {[%clk 1:30:39]} 8. d4 {[%clk 1:31:53]}  Bg7 {[%clk 1:27:28]} 9. Bxc6 {[%clk 1:24:11]}  Bxc6 {[%clk 1:27:46]} 10. dxe5 {[%clk 1:24:36]}  Nxe4 {[%clk 1:27:28]} 11. exd6 {[%clk 1:24:00]}  O-O {[%clk 1:27:49]} 12. Bf4 {[%clk 1:21:15]}  cxd6 {[%clk 1:28:00]} 13. Nbd2 {[%clk 1:20:30]}  Nxd2 {[%clk 1:18:19]} 14. Qxd2 {[%clk 1:15:20]}  Qb6 {[%clk 1:09:38]} 15. Nd4 {[%clk 1:07:52]}  Rfe8 {[%clk 0:56:25]} 16. Nb3 {[%clk 0:52:36]}  Be5 {[%clk 0:52:50]} 17. Be3 {[%clk 0:51:32]}  Qc7 {[%clk 0:51:25]} 18. f4 {[%clk 0:49:39]}  Bg7 {[%clk 0:49:53]} 19. Qf2 {[%clk 0:42:28]}  Be4 {[%clk 0:49:08]} 20. Bd4 {[%clk 0:37:06]}  d5 {[%clk 0:47:13]} 21. Rac1 {[%clk 0:33:39]}  Bh6 {[%clk 0:46:32]} 22. Be3 {[%clk 0:31:30]}  Qc4 {[%clk 0:35:57]} 23. Bd4 {[%clk 0:27:07]}  Qc7 {[%clk 0:35:19]} 24. Be3 {[%clk 0:27:03]}  Bd3 {[%clk 0:34:38]} 25. Rcd1 {[%clk 0:24:50]}  Be4 {[%clk 0:29:49]} 26. Qh4 {[%clk 0:21:47]}  Bg7 {[%clk 0:28:44]} 27. Qf2 {[%clk 0:16:24]}  Rac8 {[%clk 0:28:14]} 28. Bd4 {[%clk 0:16:32]}  Bh6 {[%clk 0:28:32]} 29. Be5 {[%clk 0:16:35]}  Rxe5 {[%clk 0:27:22]} 30. fxe5 {[%clk 0:17:00]}  Qxe5 {[%clk 0:27:44]} 31. Nd2 {[%clk 0:14:15]}  Bf8 {[%clk 0:21:25]} 32. Nb3 {[%clk 0:14:04]}  Bd6 {[%clk 0:20:55]} 33. g3 {[%clk 0:13:23]}  h5 {[%clk 0:19:15]} 34. Qd4 {[%clk 0:12:18]}  Qxd4+ {[%clk 0:10:13]} 35. Rxd4 {[%clk 0:12:29]}  Bc7 {[%clk 0:08:27]} 36. Rexe4 {[%clk 0:10:55]}  dxe4 {[%clk 0:08:42]} 37. Rxe4 {[%clk 0:11:19]}  Kg7 {[%clk 0:08:03]} 38. Nd4 {[%clk 0:11:16]}  Bd6 {[%clk 0:08:13]} 39. Nb3 {[%clk 0:09:12]}  Rc7 {[%clk 0:07:12]} 40. Kg2 {[%clk 0:08:08]}  Be7 {[%clk 0:06:58]} 41. Kf3 {[%clk 0:02:10]}  Bf6 {[%clk 0:06:26]} 42. Ke2 {[%clk 0:28:55]}  b5 {[%clk 0:33:02]} 43. Nc1 {[%clk 0:28:33]}  a5 {[%clk 0:29:15]} 44. Nd3 {[%clk 0:28:39]}  h4 {[%clk 0:28:03]} 45. Nf4 {[%clk 0:18:13]}  Rc5 {[%clk 0:23:23]} 46. Kd3 {[%clk 0:16:27]}  hxg3 {[%clk 0:22:44]} 47. hxg3 {[%clk 0:16:54]}  Rg5 {[%clk 0:22:47]} 48. Ne2 {[%clk 0:16:56]}  Rd5+ {[%clk 0:22:19]} 49. Nd4 {[%clk 0:17:00]}  Bd8 {[%clk 0:19:17]} 50. c4 {[%clk 0:15:37]}  bxc4+ {[%clk 0:19:21]} 51. Kxc4 {[%clk 0:16:06]}  Rh5 {[%clk 0:19:04]} 52. a3 {[%clk 0:14:29]}  Rh3 {[%clk 0:17:34]} 53. g4 {[%clk 0:14:08]}  Bf6 {[%clk 0:16:39]} 54. b3 {[%clk 0:11:27]}  Rg3 {[%clk 0:16:27]} 55. a4 {[%clk 0:09:43]}  Kh6 {[%clk 0:15:57]} 56. Ne2 {[%clk 0:09:41]}  Rh3 {[%clk 0:15:42]} 57. Nd4 {[%clk 0:07:39]}  Kg5 {[%clk 0:15:20]} 58. b4 {[%clk 0:07:49]}  axb4 {[%clk 0:15:15]} 59. Kxb4 {[%clk 0:08:13]}  Rd3 {[%clk 0:14:49]} 60. Kc4 {[%clk 0:08:20]}  Ra3 {[%clk 0:14:14]} 61. Kb5 {[%clk 0:08:08]}  Bd8 {[%clk 0:10:17]} 62. Nc6 {[%clk 0:07:21]}  Bc7 {[%clk 0:10:46]} 63. Re7 {[%clk 0:07:01]}  Bd6 {[%clk 0:08:17]} 64. Rxf7 {[%clk 0:07:05]}  Kxg4 {[%clk 0:08:25]} 65. Rf6 {[%clk 0:07:11]}  Bf4 {[%clk 0:06:21]} 66. Rxg6+ {[%clk 0:07:13]}  Kf5 {[%clk 0:06:46]} 67. Rg2 {[%clk 0:05:23]}  Be3 {[%clk 0:06:12]} 68. Rb2 {[%clk 0:05:21]}  Ke6 {[%clk 0:06:13]} 69. a5 {[%clk 0:04:41]}  Kd6 {[%clk 0:06:20]} 70. Nb4 {[%clk 0:03:53]}  Rc3 {[%clk 0:04:54]} 71. Ka6 {[%clk 0:02:17]}  Rc7 {[%clk 0:04:28]} 72. Rb3 {[%clk 0:02:21]}  Ra7+ {[%clk 0:03:18]} 73. Kb5 {[%clk 0:02:45]}  Rb7+ {[%clk 0:03:39]} 74. Ka4 {[%clk 0:03:07]}  Bd4 {[%clk 0:02:41]} 75. a6 {[%clk 0:02:49]}  Rb8 {[%clk 0:01:59]} 76. Rd3 {[%clk 0:03:11]}  Kc5 {[%clk 0:01:18]} 77. Rxd4 {[%clk 0:03:38]}  Kxd4 {[%clk 0:01:03]} 78. Nc6 {[%clk 0:04:02]}  Kc5 {[%clk 0:01:28]} 79. Nxb8 {[%clk 0:04:28]}  Kb6 {[%clk 0:01:42]} 80. Kb4 {[%clk 0:03:51]}  Ka7 {[%clk 0:01:59]} 81. Kb5 {[%clk 0:03:58]}  Kxb8 {[%clk 0:02:21]} 82. Kb6 {[%clk 0:04:26]}  Ka8 {[%clk 0:02:37]} 83. a7 {[%clk 0:04:26]} 1/2-1/2

[Event "45th FIDE Chess Olympiad Open"]
[Site "Budapest, Hungary"]
[Date "2024.09.22"]
[Round "11"]
[White "Tan, Jun Ying"]
[Black "Blackman, Justin"]
[Result "1-0"]
[Board "229"]
[WhiteFideId "5710413"]
[BlackFideId "11100516"]
[WhiteTitle "CM"]
[BlackTitle "FM"]
[WhiteElo "2322"]
[BlackElo "2265"]
[WhiteTeam "Malaysia"]
[BlackTeam "Barbados"]
[WhiteClock "0:14:24"]
[BlackClock "0:05:41"]
[Variant "Standard"]

1. d4 {[%clk 1:30:57]}  Nf6 {[%clk 1:30:44]} 2. c4 {[%clk 1:31:20]}  e6 {[%clk 1:31:03]} 3. Nc3 {[%clk 1:31:43]}  Bb4 {[%clk 1:31:02]} 4. a3 {[%clk 1:31:59]}  Bxc3+ {[%clk 1:30:22]} 5. bxc3 {[%clk 1:31:22]}  c5 {[%clk 1:29:49]} 6. f3 {[%clk 1:31:42]}  Nc6 {[%clk 1:28:33]} 7. e4 {[%clk 1:31:53]}  d6 {[%clk 1:27:27]} 8. d5 {[%clk 1:32:10]}  Na5 {[%clk 1:26:31]} 9. Bd3 {[%clk 1:31:53]}  b6 {[%clk 1:24:48]} 10. Ne2 {[%clk 1:32:08]}  Ba6 {[%clk 1:22:47]} 11. O-O {[%clk 1:32:22]}  Qe7 {[%clk 1:20:41]} 12. Ng3 {[%clk 1:31:31]}  O-O-O {[%clk 1:18:55]} 13. Qe2 {[%clk 1:31:08]}  h5 {[%clk 1:14:30]} 14. Bg5 {[%clk 1:21:04]}  h4 {[%clk 1:11:24]} 15. Nh1 {[%clk 1:21:09]}  Rh5 {[%clk 1:09:08]} 16. f4 {[%clk 1:13:26]}  Rxg5 {[%clk 1:05:25]} 17. fxg5 {[%clk 1:13:51]}  Nd7 {[%clk 1:05:48]} 18. Qh5 {[%clk 1:08:27]}  Ne5 {[%clk 1:02:14]} 19. Be2 {[%clk 1:05:40]}  Bxc4 {[%clk 0:57:48]} 20. Bxc4 {[%clk 1:00:35]}  Naxc4 {[%clk 0:58:10]} 21. Qxh4 {[%clk 0:59:07]}  Kb8 {[%clk 0:51:12]} 22. Qf4 {[%clk 0:49:34]}  Rh8 {[%clk 0:45:44]} 23. Ng3 {[%clk 0:47:58]}  g6 {[%clk 0:33:48]} 24. Ra2 {[%clk 0:41:01]}  Rh7 {[%clk 0:28:33]} 25. Qf6 {[%clk 0:33:37]}  Qxf6 {[%clk 0:24:56]} 26. Rxf6 {[%clk 0:30:05]}  Nd7 {[%clk 0:18:36]} 27. Rf4 {[%clk 0:28:33]}  Kc7 {[%clk 0:16:43]} 28. Raf2 {[%clk 0:22:44]}  Nce5 {[%clk 0:16:40]} 29. c4 {[%clk 0:22:28]}  Kd8 {[%clk 0:14:44]} 30. Rc2 {[%clk 0:22:27]}  Ke7 {[%clk 0:14:59]} 31. h3 {[%clk 0:14:52]}  Rh8 {[%clk 0:14:07]} 32. Rf1 {[%clk 0:14:24]}  Rh4 {[%clk 0:13:27]} 33. a4 {[%clk 0:07:39]}  exd5 {[%clk 0:13:18]} 34. cxd5 {[%clk 0:07:52]}  Nd3 {[%clk 0:11:37]} 35. Rd1 {[%clk 0:05:42]}  N7e5 {[%clk 0:08:41]} 36. Rc3 {[%clk 0:05:50]}  Nb4 {[%clk 0:04:58]} 37. Kf2 {[%clk 0:05:47]}  a6 {[%clk 0:03:32]} 38. Rb1 {[%clk 0:04:19]}  Kd7 {[%clk 0:03:48]} 39. Ke3 {[%clk 0:03:56]}  Rh8 {[%clk 0:03:24]} 40. Rcb3 {[%clk 0:01:55]}  Nc4+ {[%clk 0:00:38]} 41. Ke2 {[%clk 0:30:00]}  a5 {[%clk 0:28:11]} 42. Rf3 {[%clk 0:29:42]}  Ne5 {[%clk 0:28:17]} 43. Rf4 {[%clk 0:29:38]}  c4 {[%clk 0:27:51]} 44. Kd2 {[%clk 0:29:03]}  Rc8 {[%clk 0:25:12]} 45. Ne2 {[%clk 0:28:22]}  b5 {[%clk 0:14:37]} 46. axb5 {[%clk 0:26:13]}  Nbd3 {[%clk 0:14:57]} 47. Rff1 {[%clk 0:19:59]}  Nc5 {[%clk 0:12:41]} 48. Nc3 {[%clk 0:19:54]}  a4 {[%clk 0:12:30]} 49. Ra1 {[%clk 0:19:08]}  Nb3+ {[%clk 0:08:29]} 50. Ke3 {[%clk 0:19:08]}  Nxa1 {[%clk 0:07:35]} 51. Rxa1 {[%clk 0:19:34]}  Rb8 {[%clk 0:06:49]} 52. Rxa4 {[%clk 0:19:49]}  Rb7 {[%clk 0:07:14]} 53. Kd4 {[%clk 0:18:50]}  Ke7 {[%clk 0:07:26]} 54. Ra6 {[%clk 0:18:26]}  Nd7 {[%clk 0:05:45]} 55. Kxc4 {[%clk 0:18:29]}  Nb8 {[%clk 0:06:10]} 56. Ra4 {[%clk 0:17:57]}  f6 {[%clk 0:06:30]} 57. gxf6+ {[%clk 0:17:36]}  Kxf6 {[%clk 0:06:52]} 58. Kd4 {[%clk 0:17:31]}  Rc7 {[%clk 0:06:25]} 59. b6 {[%clk 0:16:26]}  Rb7 {[%clk 0:06:18]} 60. Rb4 {[%clk 0:16:40]}  Nd7 {[%clk 0:06:26]} 61. Na4 {[%clk 0:16:52]}  Kg5 {[%clk 0:06:25]} 62. Kc4 {[%clk 0:16:42]}  Kf4 {[%clk 0:06:09]} 63. Kb5 {[%clk 0:17:00]}  Nb8 {[%clk 0:06:11]} 64. Rc4 {[%clk 0:14:58]}  Re7 {[%clk 0:06:21]} 65. Nc3 {[%clk 0:14:56]}  Re8 {[%clk 0:05:41]} 66. Rc7 {[%clk 0:14:24]} 1-0

[Event "45th FIDE Chess Olympiad Open"]
[Site "Budapest, Hungary"]
[Date "2024.09.22"]
[Round "11"]
[White "Lynch, Kemp"]
[Black "Wong, Jianwen"]
[Result "1/2-1/2"]
[Board "230"]
[WhiteFideId "11101377"]
[BlackFideId "5704715"]
[BlackTitle "FM"]
[WhiteElo "1944"]
[BlackElo "2231"]
[WhiteTeam "Barbados"]
[BlackTeam "Malaysia"]
[WhiteClock "0:19:59"]
[BlackClock "0:15:14"]
[Variant "Standard"]

1. d4 {[%clk 1:30:56]}  Nf6 {[%clk 1:30:38]} 2. Nc3 {[%clk 1:31:18]}  d6 {[%clk 1:28:42]} 3. e4 {[%clk 1:31:35]}  e5 {[%clk 1:29:06]} 4. dxe5 {[%clk 1:30:29]}  dxe5 {[%clk 1:29:31]} 5. Qxd8+ {[%clk 1:30:53]}  Kxd8 {[%clk 1:29:58]} 6. Bc4 {[%clk 1:30:54]}  Ke8 {[%clk 1:30:07]} 7. Nf3 {[%clk 1:22:07]}  Bd6 {[%clk 1:30:04]} 8. h3 {[%clk 1:16:17]}  Nbd7 {[%clk 1:27:22]} 9. Be3 {[%clk 1:15:32]}  Ke7 {[%clk 1:21:16]} 10. O-O {[%clk 1:11:40]}  Nb6 {[%clk 1:14:14]} 11. Bd3 {[%clk 1:08:25]}  h6 {[%clk 1:12:02]} 12. a4 {[%clk 1:05:49]}  a6 {[%clk 1:03:51]} 13. Nd2 {[%clk 1:05:45]}  Be6 {[%clk 1:02:00]} 14. a5 {[%clk 1:03:40]}  Nbd7 {[%clk 0:58:00]} 15. Nc4 {[%clk 1:03:58]}  Rhd8 {[%clk 0:53:09]} 16. Nxd6 {[%clk 0:59:52]}  cxd6 {[%clk 0:53:16]} 17. Na4 {[%clk 0:59:55]}  Rac8 {[%clk 0:51:49]} 18. Nb6 {[%clk 0:58:08]}  Nxb6 {[%clk 0:50:13]} 19. Bxb6 {[%clk 0:58:31]}  Rd7 {[%clk 0:50:34]} 20. Rfd1 {[%clk 0:52:01]}  Bc4 {[%clk 0:47:06]} 21. b3 {[%clk 0:39:14]}  Bxd3 {[%clk 0:42:46]} 22. cxd3 {[%clk 0:39:37]}  d5 {[%clk 0:42:13]} 23. Rac1 {[%clk 0:35:56]}  Rxc1 {[%clk 0:35:27]} 24. Rxc1 {[%clk 0:36:21]}  dxe4 {[%clk 0:35:16]} 25. dxe4 {[%clk 0:36:46]}  Nxe4 {[%clk 0:35:19]} 26. Re1 {[%clk 0:36:31]}  Nc3 {[%clk 0:31:11]} 27. Rxe5+ {[%clk 0:36:47]}  Kd6 {[%clk 0:31:18]} 28. Re8 {[%clk 0:34:45]}  Nd5 {[%clk 0:29:45]} 29. Bd4 {[%clk 0:34:39]}  f6 {[%clk 0:28:19]} 30. Rc8 {[%clk 0:33:36]}  Rc7 {[%clk 0:20:32]} 31. Rd8+ {[%clk 0:30:51]}  Kc6 {[%clk 0:20:50]} 32. g3 {[%clk 0:29:38]}  Ne7 {[%clk 0:18:55]} 33. Bb6 {[%clk 0:29:07]}  Rd7 {[%clk 0:17:14]} 34. Rxd7 {[%clk 0:24:30]}  Kxd7 {[%clk 0:17:28]} 35. b4 {[%clk 0:24:49]}  h5 {[%clk 0:13:50]} 36. Bc5 {[%clk 0:23:40]}  Nd5 {[%clk 0:11:21]} 37. Bf8 {[%clk 0:17:59]}  g6 {[%clk 0:11:27]} 38. g4 {[%clk 0:10:53]}  hxg4 {[%clk 0:04:37]} 39. hxg4 {[%clk 0:11:18]}  Kc6 {[%clk 0:05:01]} 40. Kg2 {[%clk 0:10:56]}  Kb5 {[%clk 0:01:57]} 41. Kf3 {[%clk 0:08:35]}  Nxb4 {[%clk 0:28:23]} 42. Ke4 {[%clk 0:38:54]}  Kc4 {[%clk 0:25:01]} 43. Be7 {[%clk 0:34:04]}  Nd5 {[%clk 0:24:59]} 44. Bd8 {[%clk 0:34:21]}  Nc3 {[%clk 0:22:35]} 45. Kf4 {[%clk 0:33:38]}  Nd5 {[%clk 0:22:29]} 46. Ke4 {[%clk 0:33:58]}  Kc5 {[%clk 0:21:12]} 47. f3 {[%clk 0:33:24]}  Kd6 {[%clk 0:20:01]} 48. Kd4 {[%clk 0:31:52]}  f5 {[%clk 0:18:54]} 49. gxf5 {[%clk 0:31:35]}  gxf5 {[%clk 0:19:23]} 50. Bg5 {[%clk 0:31:32]}  b6 {[%clk 0:16:44]} 51. axb6 {[%clk 0:31:51]}  Nxb6 {[%clk 0:17:04]} 52. Bf4+ {[%clk 0:31:57]}  Ke6 {[%clk 0:16:59]} 53. Kc5 {[%clk 0:31:52]}  Nc8 {[%clk 0:11:23]} 54. Bg3 {[%clk 0:30:03]}  Ne7 {[%clk 0:09:22]} 55. Kb6 {[%clk 0:29:40]}  Kd5 {[%clk 0:09:41]} 56. Kxa6 {[%clk 0:29:59]}  Nc6 {[%clk 0:10:06]} 57. Bc7 {[%clk 0:27:07]}  Nd4 {[%clk 0:09:58]} 58. f4 {[%clk 0:20:36]}  Ne6 {[%clk 0:10:16]} 59. Bb8 {[%clk 0:20:24]}  Nc5+ {[%clk 0:09:01]} 60. Kb5 {[%clk 0:20:05]}  Nd3 {[%clk 0:09:27]} 61. Bc7 {[%clk 0:19:54]}  Kd4 {[%clk 0:09:09]} 62. Bb8 {[%clk 0:19:30]}  Ke4 {[%clk 0:08:44]} 63. Kc4 {[%clk 0:19:09]}  Nxf4 {[%clk 0:09:05]} 64. Kc3 {[%clk 0:19:16]}  Nd3 {[%clk 0:09:14]} 65. Kd2 {[%clk 0:19:25]}  Nb4 {[%clk 0:09:14]} 66. Ke2 {[%clk 0:19:36]}  Nc6 {[%clk 0:09:39]} 67. Bc7 {[%clk 0:19:57]}  Nd4+ {[%clk 0:10:00]} 68. Kf2 {[%clk 0:20:07]}  Nb5 {[%clk 0:10:26]} 69. Bb8 {[%clk 0:19:55]}  Nc3 {[%clk 0:10:49]} 70. Bc7 {[%clk 0:20:08]}  Nd1+ {[%clk 0:11:14]} 71. Ke2 {[%clk 0:20:03]}  Nb2 {[%clk 0:11:41]} 72. Bb8 {[%clk 0:20:13]}  Na4 {[%clk 0:12:05]} 73. Bc7 {[%clk 0:20:13]}  Nc3+ {[%clk 0:12:29]} 74. Kf2 {[%clk 0:20:19]}  Nd5 {[%clk 0:12:54]} 75. Bb8 {[%clk 0:20:05]}  Nf4 {[%clk 0:13:19]} 76. Bc7 {[%clk 0:20:12]}  Nh3+ {[%clk 0:13:36]} 77. Kg2 {[%clk 0:20:27]}  Ng5 {[%clk 0:14:01]} 78. Kf2 {[%clk 0:19:36]}  Ne6 {[%clk 0:14:27]} 79. Bb8 {[%clk 0:19:47]}  Nf4 {[%clk 0:14:52]} 80. Bc7 {[%clk 0:19:59]}  Nd3+ {[%clk 0:15:14]} 1/2-1/2

[Event "45th FIDE Chess Olympiad Open"]
[Site "Budapest, Hungary"]
[Date "2024.09.22"]
[Round "11"]
[White "Ang, Ern Jie Anderson"]
[Black "Corbin, Philip"]
[Result "1-0"]
[Board "231"]
[WhiteFideId "5736200"]
[BlackFideId "11100036"]
[WhiteTitle "CM"]
[BlackTitle "FM"]
[WhiteElo "2132"]
[BlackElo "1916"]
[WhiteTeam "Malaysia"]
[BlackTeam "Barbados"]
[WhiteClock "0:16:49"]
[BlackClock "0:06:42"]
[Variant "Standard"]

1. Nf3 {[%clk 1:30:50]}  f5 {[%clk 1:30:54]} 2. d3 {[%clk 1:31:07]}  d5 {[%clk 1:28:24]} 3. g3 {[%clk 1:30:18]}  Nf6 {[%clk 1:28:35]} 4. Bg2 {[%clk 1:30:39]}  e6 {[%clk 1:28:36]} 5. O-O {[%clk 1:30:57]}  Bd6 {[%clk 1:28:00]} 6. c4 {[%clk 1:30:29]}  O-O {[%clk 1:27:23]} 7. Nc3 {[%clk 1:30:08]}  c6 {[%clk 1:26:37]} 8. e4 {[%clk 1:29:34]}  Nbd7 {[%clk 1:16:16]} 9. Re1 {[%clk 1:22:18]}  Ne5 {[%clk 1:00:47]} 10. Nxe5 {[%clk 1:16:07]}  Bxe5 {[%clk 1:01:13]} 11. d4 {[%clk 1:16:18]}  Bc7 {[%clk 1:01:16]} 12. exd5 {[%clk 1:15:41]}  exd5 {[%clk 1:01:02]} 13. cxd5 {[%clk 1:15:35]}  f4 {[%clk 0:55:59]} 14. dxc6 {[%clk 0:51:14]}  bxc6 {[%clk 0:56:05]} 15. Bf3 {[%clk 0:50:23]}  h5 {[%clk 0:52:35]} 16. b3 {[%clk 0:46:02]}  Ng4 {[%clk 0:46:02]} 17. Bxc6 {[%clk 0:38:55]}  fxg3 {[%clk 0:40:20]} 18. fxg3 {[%clk 0:37:50]}  Qf6 {[%clk 0:35:57]} 19. Bd5+ {[%clk 0:36:28]}  Kh8 {[%clk 0:33:44]} 20. Ne4 {[%clk 0:35:23]}  Qg6 {[%clk 0:30:21]} 21. Ba3 {[%clk 0:29:26]}  Nxh2 {[%clk 0:27:06]} 22. Kxh2 {[%clk 0:17:34]}  Rf2+ {[%clk 0:25:03]} 23. Kg1 {[%clk 0:17:39]}  Bxg3 {[%clk 0:20:01]} 24. Nxf2 {[%clk 0:17:15]}  Bh3 {[%clk 0:12:05]} 25. Be4 {[%clk 0:16:05]}  Bxf2+ {[%clk 0:07:17]} 26. Kxf2 {[%clk 0:16:25]}  Qf6+ {[%clk 0:07:17]} 27. Kg3 {[%clk 0:16:36]}  Bg4 {[%clk 0:06:42]} 28. Qxg4 {[%clk 0:16:49]} 1-0

[Event "45th FIDE Chess Olympiad Open"]
[Site "Budapest, Hungary"]
[Date "2024.09.22"]
[Round "11"]
[White "Edwards, Emar"]
[Black "Kavin Mohan"]
[Result "0-1"]
[Board "232"]
[WhiteFideId "11103345"]
[BlackFideId "5739047"]
[WhiteElo "1898"]
[BlackElo "1997"]
[WhiteTeam "Barbados"]
[BlackTeam "Malaysia"]
[WhiteClock "0:00:32"]
[BlackClock "0:58:24"]
[Variant "Standard"]

1. e4 {[%clk 1:30:49]}  e6 {[%clk 1:30:26]} 2. d4 {[%clk 1:31:11]}  d5 {[%clk 1:30:50]} 3. Nd2 {[%clk 1:30:56]}  c5 {[%clk 1:31:12]} 4. exd5 {[%clk 1:31:03]}  Qxd5 {[%clk 1:31:35]} 5. Ngf3 {[%clk 1:30:49]}  cxd4 {[%clk 1:31:59]} 6. Bc4 {[%clk 1:30:45]}  Qd6 {[%clk 1:32:25]} 7. O-O {[%clk 1:30:13]}  Nf6 {[%clk 1:32:53]} 8. Nb3 {[%clk 1:30:11]}  Nc6 {[%clk 1:33:18]} 9. Nbxd4 {[%clk 1:30:08]}  Nxd4 {[%clk 1:33:43]} 10. Nxd4 {[%clk 1:30:06]}  Be7 {[%clk 1:34:08]} 11. c3 {[%clk 1:29:48]}  O-O {[%clk 1:33:48]} 12. Qf3 {[%clk 1:27:40]}  Qc7 {[%clk 1:34:12]} 13. Bb3 {[%clk 1:26:22]}  a5 {[%clk 1:34:35]} 14. a4 {[%clk 1:25:08]}  Bd7 {[%clk 1:35:02]} 15. Re1 {[%clk 1:23:11]}  Bc6 {[%clk 1:34:37]} 16. Nxc6 {[%clk 1:21:30]}  bxc6 {[%clk 1:35:02]} 17. Bc2 {[%clk 1:16:45]}  Nd5 {[%clk 1:32:32]} 18. h4 {[%clk 1:07:16]}  Rad8 {[%clk 1:19:55]} 19. h5 {[%clk 1:02:49]}  h6 {[%clk 1:20:05]} 20. Be3 {[%clk 0:47:32]}  Rfe8 {[%clk 1:18:36]} 21. Bd4 {[%clk 0:46:29]}  Qf4 {[%clk 1:16:22]} 22. Qh3 {[%clk 0:34:48]}  Bf6 {[%clk 1:09:50]} 23. Rad1 {[%clk 0:31:11]}  Bxd4 {[%clk 1:00:10]} 24. Rxd4 {[%clk 0:31:31]}  Qg5 {[%clk 1:00:33]} 25. Qd3 {[%clk 0:17:44]}  Nf4 {[%clk 1:00:02]} 26. Qh7+ {[%clk 0:18:04]}  Kf8 {[%clk 1:00:28]} 27. Be4 {[%clk 0:16:56]}  c5 {[%clk 0:59:36]} 28. Rdd1 {[%clk 0:12:32]}  Ke7 {[%clk 0:58:09]} 29. Bc6 {[%clk 0:04:52]}  f5 {[%clk 0:58:15]} 30. Rxd8 {[%clk 0:01:58]}  Rxd8 {[%clk 0:58:34]} 31. Bf3 {[%clk 0:01:37]}  Rd3 {[%clk 0:58:45]} 32. Bc6 {[%clk 0:00:40]}  Rd2 {[%clk 0:57:55]} 33. Qg8 {[%clk 0:00:44]}  Rd8 {[%clk 0:58:20]} 34. Qh7 {[%clk 0:00:56]}  Nxh5 {[%clk 0:58:29]} 35. f4 {[%clk 0:00:41]}  Qg3 {[%clk 0:58:11]} 36. Rf1 {[%clk 0:00:32]}  Nf6 {[%clk 0:58:27]} 37. Rf3 {[%clk 0:00:32]}  Rd1+ {[%clk 0:58:24]} 0-1